KRAS v komisiách

Poslanie Klubu reklamných agentúr na Slovensku (KRAS). Vytvorenie komisií pre legislatívu, public relations, zmierovaciu, mediálnu, zahraničnú a vzdelávaciu. Právo a reklama. Vzťahy s verejnosťou. Etika. Činnosť mediálnej komisie. Slovenská reklama za hranicami. Školenia v reklame.

Gespeichert in:
Bibliographische Detailangaben
Format: Buchkapitel
Sprache:Slowakisch
Schlagworte:
Tags: Tag hinzufügen
Keine Tags, Fügen Sie das erste Tag hinzu!

MARC

LEADER 00000naa a2200000 4500
001 r019831
005 20221213100658.8
041 0 |a slo 
044 |a SK 
245 1 0 |a KRAS v komisiách 
520 |a Poslanie Klubu reklamných agentúr na Slovensku (KRAS). Vytvorenie komisií pre legislatívu, public relations, zmierovaciu, mediálnu, zahraničnú a vzdelávaciu. Právo a reklama. Vzťahy s verejnosťou. Etika. Činnosť mediálnej komisie. Slovenská reklama za hranicami. Školenia v reklame. 
610 2 0 |a agentúry 
610 2 0 |a reklama 
610 2 0 |a legislatíva 
610 2 0 |a etika 
610 2 0 |a práca s verejnosťou 
610 2 0 |a školenie odborné 
610 2 0 |a Klub reklamných agentúr Slovenska